000 00507nam a2200169Ia 4500
005 20250320145124.0
008 231217s9999 xx 000 0 und d
020 _a9788131412589
082 _a658.406 ALA;1 R
100 _aAlagiri, Dhandapani ed.
245 0 _aIcfai university press on corporate restructuring : concepts and cases
250 _a1st ed.
260 _c2008
_bIcfai university press
_aHyderabad
300 _axiii, 203
650 _aIcfai,press,corporate,restructuring
942 _cAA
999 _c185291
_d185291